Se intensifican los controles fiscales sistémicos (Registro nro. 35790)

Detalles MARC
000 -LEADER
fixed length control field 00321 a2200109 4500
001 - CONTROL NUMBER
control field ART_58903
005 - DATE AND TIME OF LATEST TRANSACTION
control field 20260410162051.0
008 - FIXED-LENGTH DATA ELEMENTS--GENERAL INFORMATION
fixed length control field 260409a
100 1# - MAIN ENTRY--PERSONAL NAME
Personal name Santacruz, Lidia M.
245 10 - TITLE STATEMENT
Title Se intensifican los controles fiscales sistémicos
773 0# - HOST ITEM ENTRY
Title Impuestos
Related parts - N° 151 (jul. 2023)
Record control number REV45175

No hay ítems disponibles.